000
00353nam a2200169Ia 4500
100
_a
Malhotra/Sachin
650
_a
Programming
250
_a
2
942
_c
BK
366
_f
25
245
_a
Programming in JAVA
260
_b
Oxford university press
_c
2014
082
_a
5.13
_b
MAL
300
_a
660
546
_a
ENGLISH
_c
Computers
999
_c
26626
_d
26626